[Event "ITA-ch U20 24th"]
[Site "Bratto"]
[Date "2001.08.28"]
[Round "7"]
[White "Castellano, Clara Fulvia"]
[Black "Palomba, Andrea"]
[Result "1-0"]
[WhiteElo "1600"]
[BlackElo "1401"]
[PlyCount "83"]
[EventDate "2001.08.22"]
[EventType "swiss"]
[EventRounds "9"]
[EventCountry "ITA"]
[SourceTitle "EXT 2007"]
[Source "ChessBase"]
[SourceDate "2006.11.23"]
[SourceVersion "1"]
[SourceVersionDate "2006.11.23"]
[SourceQuality "1"]

1. e4 g6 2. d4 d6 3. Nf3 Bg4 4. Be2 Nd7 5. Nc3 c6 6. Be3 Bg7 7. Qd2 Bxf3 8. Bxf3 Qc7 9. 0-0-0 a6 10. h4 h5 11. Bf4 b5 12. e5 dxe5 13. dxe5 Ra7 14. e6 Qxf4 15. exd7+ Kd8 16. Qxf4 Bh6 17. Qxh6 Nxh6 18. Bxc6 Rc7 19. Bf3 Nf5 20. g4 hxg4 21. Bxg4 Nh6 22. Bf3 e6 23. h5 g5 24. Rd6 Rc4 25. Rhd1 Rh4 26. Rc6 Rc4 27. Rxa6 Rc8 28. dxc8Q+ Kxc8 29. Ra8+ Kc7 30. Rxh8 g4 31. Rxh6 gxf3 32. Rh7 Kc6 33. Rxf7 e5 34. Rfd7 e4 35. Nxe4 b4 36. R1d5 b3 37. R7d6+ Kc7 38. axb3 Kb7 39. Rg5 Kc7 40. Rg7+ Kc8 41. h6 Kb8 42. Rd8# 1-0

[Event "ITA-ch U20 24th"]
[Site "Bratto"]
[Date "2001.08.26"]
[Round "5"]
[White "Capone, Vincenzo"]
[Black "Palomba, Andrea"]
[Result "1-0"]
[WhiteElo "2154"]
[BlackElo "1401"]
[PlyCount "45"]
[EventDate "2001.08.22"]
[EventType "swiss"]
[EventRounds "9"]
[EventCountry "ITA"]
[SourceTitle "EXT 2007"]
[Source "ChessBase"]
[SourceDate "2006.11.23"]
[SourceVersion "1"]
[SourceVersionDate "2006.11.23"]
[SourceQuality "1"]

1. e4 g6 2. d4 Bg7 3. c3 Nf6 4. e5 Nd5 5. f4 d6 6. Nf3 c5 7. Be2 cxd4 8. cxd4 0-0 9. Nc3 Nc7 10. Be3 b6 11. 0-0 Bb7 12. Qd2 d5 13. g4 Qd7 14. f5 h5 15. gxh5 gxh5 16. Nh4 Ba6 17. Kh1 Kh7 18. Rg1 Bxe2 19. Qxe2 Rh8 20. Qxh5+ Kg8 21. Rxg7+ Kxg7 22. Rg1+ Kf8 23. Qxh8# 1-0

[Event "ITA-ch U20 24th"]
[Site "Bratto"]
[Date "2001.08.23"]
[Round "2"]
[White "Palomba, Andrea"]
[Black "Nardelli, Marco"]
[Result "0-1"]
[WhiteElo "1401"]
[BlackElo "1791"]
[PlyCount "104"]
[EventDate "2001.08.22"]
[EventType "swiss"]
[EventRounds "9"]
[EventCountry "ITA"]
[SourceTitle "EXT 2007"]
[Source "ChessBase"]
[SourceDate "2006.11.23"]
[SourceVersion "1"]
[SourceVersionDate "2006.11.23"]
[SourceQuality "1"]

1. e4 c5 2. Nf3 d6 3. d4 cxd4 4. Nxd4 Nf6 5. Nc3 a6 6. Bd3 e5 7. Nde2 Be6 8. Bg5 Be7 9. Bxf6 Bxf6 10. 0-0 0-0 11. Nd5 Bxd5 12. exd5 b5 13. a4 b4 14. a5 Nd7 15. Qd2 Nc5 16. Bc4 Rb8 17. Rfe1 e4 18. Nd4 Bxd4 19. Qxd4 f5 20. Be2 Qf6 21. Qxf6 Rxf6 22. c4 g5 23. Bd1 Re8 24. Bc2 Rf7 25. g3 Re5 26. Re3 Kg7 27. Kg2 Rfe7 28. h4 h6 29. hxg5 hxg5 30. Rh1 Kg6 31. Ra1 Rh7 32. Rae1 g4 33. Ra1 Re8 34. Rh1 Rxh1 35. Kxh1 Rh8+ 36. Kg2 Nd7 37. Bd1 Nc5 38. Re1 Kf6 39. Bc2 Ke5 40. Rd1 b3 41. Bb1 Nb7 42. Kg1 Rc8 43. Rc1 Nxa5 44. Kg2 Rxc4 45. Rd1 Rd4 46. Rc1 Nc4 47. Rc3 Nd2 48. Rc1 Rxd5 49. f4+ gxf3+ 50. Kf2 Nxb1 51. Rxb1 Rd2+ 52. Ke3 Re2# 0-1